00560nam a22001697a 450000500170000001000150001702000260003203500140005803700130007208200100008510000130009524500830010826000320019127001210022330000210034450000250036520190326115320.0 aENG-124933 a9789387696334c175.00 aEN-108465 bDBAD/PUB a153.4 aSirshree aThe miracle mind:cby Sirshree bhow to master your mind before it masers you/ aPunebWow Publishingsc2018 aE-4,Vaibhav,Nagar,near,Tapovan Mandir,Pimpri,bPunee411017k91-9011013210mwww.gethappythoughts.org|www.tejgyan.org a167p.c20cm(pbk) aIt includes Appendix